| 000 | 00470nam a2200181Ia 4500 | ||
|---|---|---|---|
| 003 | GCL | ||
| 008 | 140319s9999 xx 000 0 eng d | ||
| 040 |
_aGCL / _cGCL |
||
| 082 | 0 | 4 |
_a745.61 _bJ C |
| 100 | 1 | _aJOHNSTON, EDWARD | |
| 245 | 1 | 0 |
_aTHE COMPLETE GUIDE TO CALLIGRAPHY TECHNIQUES AND MATERIALS / _cJOHNSTON, EDWARD |
| 260 |
_a[S.N] : _bPHAIDON ، _c1988 |
||
| 300 | _a159 | ||
| 650 | 0 | 4 | _aDRAWING |
| 650 | 0 | 4 | _aARTS |
| 650 | 0 | 4 | _aCALLIGRAPHY |
| 942 |
_2ddc _cBK |
||
| 999 |
_c17374 _d17374 |
||